| 000 | 00879cam a2200265 a 4500 | ||
|---|---|---|---|
| 999 |
_c4117 _d4117 |
||
| 001 | 3506528 | ||
| 003 | Nust | ||
| 005 | 20180709114208.0 | ||
| 008 | 950619s1995 nyu 000 0 eng | ||
| 010 | _a 95032786 | ||
| 020 |
_a9780140245332 (pbk) _cRs. 620 |
||
| 038 | _aArshad | ||
| 040 |
_aDLC _cDLC _dDLC |
||
| 043 | _amm----- | ||
| 050 | 0 | 0 |
_aD973 _b.T54 1995 |
| 082 | 0 | 0 |
_a910.91822 _bTHE |
| 100 | 1 |
_aTheroux, Paul. _911231 |
|
| 245 | 1 | 4 |
_aThe Pillars of Hercules : _ba grand tour of the Mediterranean / _cPaul Theroux. |
| 260 |
_aNew York : _bG.P. Putnam's Sons, _c1995. |
||
| 300 |
_aix, 523 p. ; _c25 cm. |
||
| 651 | 0 |
_aMediterranean Region _xDescription and travel. _911518 |
|
| 906 |
_a7 _bcbc _corignew _d1 _eocip _f19 _gy-gencatlg |
||
| 942 |
_2ddc _cBK |
||